000
00300nam a22001337a 4500
008
170922b xxu||||| |||| 00| 0 eng d
020
_a
0787956864
041
_a
eng
080
_a
37
100
_a
46
101
_a
EDU
245
_a
BRINGING THE INTERNET TO SCHOOL
_c
SCHOFIELD,J.W
942
_2
udc
_c
BK
999
_c
28987
_d
28987